000 01062nam a2200241 a 4500
001 000043263
005 20250909091242.0
008 140303s2009 sp 000 0 spa d
020 _a9788483470923
040 _aDO-SdBNP
_bspa
_cBNPHU
100 1 _aMadarriaga, Salvador de
_970871
245 1 0 _aSalvador de Madariaga /
_cSalvador de Madarriaga ; edición a cargo de Ángel María Casas Gragea.
260 _aMadrid :
_bAgencia Española de Cooperación Internacional,
_c2009.
490 1 _aCiencias y humanismo
_v10
490 1 _aAntología del pensamiento político, social y económico de América latina
500 _aIncluye datos biográficos del compilador
504 _aBibliografía : p. 201-207
504 _aIncluye referencias bibliográficas y notas al pie de las páginas
700 1 _aCasas Gragea, Ángel María
_eed.
_970872
710 2 _aAgencia Española de Cooperación Internacional
_934585
830 0 _aAntología del pensamiento político, social y económico de América latina
_970870
830 0 _aCiencias y humanismo
_v10
_970218
999 _c42752
_d42752